| 000 | 00989nam a2200217Ia 4500 | ||
|---|---|---|---|
| 999 |
_c39750 _d39750 |
||
| 001 | 6355 | ||
| 003 | GE_BSU | ||
| 005 | 20191120174014.0 | ||
| 008 | 181216s1953||||ge |||||||||||||| ||geo|| | ||
| 040 | _cGE_BSU | ||
| 041 | _ageo | ||
| 080 | _a82.0+82.09 გ-23 | ||
| 100 |
_aგაჩეჩილაძე, სიმონ _95494 |
||
| 245 |
_aლიტერატურისმცოდნეობის საფუძვლები : _b(ლიტერატურისმცოდნეობის შესავალი) / _c სიმონ გაჩეჩილაძე. |
||
| 264 |
_aთბილისი : _bსამეცნ. მეთოდ. კაბ. გამ-ბა, _c1953. |
||
| 300 |
_a502 გვ.; _b21 სმ. |
||
| 653 | _aლიტერატურისმცოდნეობა | ||
| 653 | _aსახელმძღვანელო | ||
| 710 |
_aსაქ. სსრ განათლ. სამინისტრო. _95495 |
||
| 942 |
_cBK _2udc |
||